000 00392nam a22001697a 4500
005 20180619110406.0
008 160601b xxu||||| |||| 00| 0 eng d
020 _a81-297-0088-3
041 _aeng
082 _b6663
_a658
100 _aChowdhury, Subir & others
_94383
245 _aManagement 21C
260 _bPearsons
_c2003
300 _a284
650 _aManagement
_9241
942 _cBK
999 _c2322
_d2321